Los Días en que Maradona usó kilt: intersección de identidades profundas con representaciones masmediáticas

Este trabajo constituye la investigación desarrollada en Argentina, sobre la representación transmitida en los medios de comunicación de algunos fans escoceces, que adquirieron notoriedad a través de la exhibición en el Mundial de Fútbol Francia 1998. Esta exhibición, espectacularizada en los medios...

Full beskrivning

Sparad:
Bibliografiska uppgifter
Huvudupphovsman: Rodríguez, María Graciela
Institutionell upphovsman: Universidad de Buenos Aires
Materialtyp: Text
Publicerad: Buenos Aires: Universidad de Buenos Aires
Ämnen:
Taggar: Lägg till en tagg
Inga taggar, Lägg till första taggen!

MARC

LEADER 00000 a a2200000 04500
001 32873
003
040
090 |a 205200  
100 |a Rodríguez, María Graciela  
110 |a Universidad de Buenos Aires  
245 |a Los Días en que Maradona usó kilt: intersección de identidades profundas con representaciones masmediáticas  
260 |a Buenos Aires:   |b Universidad de Buenos Aires  
300 |a 18 p.  
520 |a Este trabajo constituye la investigación desarrollada en Argentina, sobre la representación transmitida en los medios de comunicación de algunos fans escoceces, que adquirieron notoriedad a través de la exhibición en el Mundial de Fútbol Francia 1998. Esta exhibición, espectacularizada en los medios, se hizo a partir de tres elementos: sus atuendos tradicionales, su afición a la bebida y la extravagancia de levantar las "kilts" (faldas escocesas) para mostrar sus desnudeces. El trabajo argumenta que el periodismo argentino los encontró aptos para su puesta en escena, especialmente cuando cantaban una canción dando gracias a Maradona por la "mano de Dios" que dejó afuera a los ingleses en el Campeonato Mundial de 1986. La intención del trabajo fue trazar algunas líneas de análisis interpretativo respecto de las distancias entre los procesos de construcción de identidades profundas y las imágenes que conectan con lo que se ha denominado "el nacionalismo vanal"  
650 |a ARGENTINA  
650 |a DEPORTES  
650 |a NACIONALISMO  
650 |a IDENTIDAD CULTURAL  
650 |a MEDIOS DE COMUNICACION  
650 |a DISCURSOS  
650 |a IDEOLOGIAS  
999 |c 5496  |d 5496